000 00609nam a22001817a 4500
999 _c190037
_d190037
005 20220715173659.0
010 _aENG-133617
020 _c750.00
_a9789381345818
035 _aEN-117149
037 _bDBAD/PUB
082 _a305.4879144
245 _aTalking of Power:
_ced.by Malini Bhattacharya and Abhijit Sen
_bearly writings of bengali women/
260 _aNew Delhi
_c2021
_bSage Publication
270 _aBI/I-I Mohan Cooperative Industrial Area Mathura road,
_bNew Delhi
_e110044
300 _axv;180p.
_c22cm(pbk)
700 _aSen,Abhijit
942 _2ddc
_cEN
_h305.4879144
_mTAL